국기들이… 조금 더 웃겼다면 - Statistics

General Stats
  • This quiz has been taken 7 times
  • The average score is 14 of 16
Answer Stats
Picture Hint Answer % Correct
별 50개 대신 다이아몬드 50개 미국
100%
3개로 늘어난 단풍잎 캐나다
100%
선글라스 낀 해 아르헨티나
100%
빨간 원 → 케첩 자국 일본
100%
작은 별마다 초소형 별 4개 중국
100%
삼나무 → 브로콜리 레바논
86%
흰 용 → 레쿠쟈 부탄
86%
파스타로 뒤덮임 이탈리아
86%
주차 공간 있는 도로 노르웨이
86%
다윗의 별 → 올리브 나무 이스라엘
86%
초승달 → 바나나 터키
86%
파란 구 → 🥶 브라질
86%
제멋대로 굴러가는 바퀴 인도
86%
삼지창 → 식기 바베이도스
71%
이젠 그냥 무지개 줄무늬 세이셸
71%
웃고 있음 모리타니
71%
No matching quizzes found
Score Distribution
Percent of People with Each Score
Percentile by Number Answered
Your Score History
You have not taken this quiz